The situation of catfish (pangasius sp) culture in chhnuk tru and phsachhnang communes kampong chhnang province, ស្ថានភាពនៃការចិញ្ចឹមត្រីប្ករតាមបែនៅឃុំឆ្នុកទ្រូ និងឃុំផ្សារឆ្នាំង ខេត្តកំពង់ឆ្នាំង (Record no. 4301)

000 -LEADER
fixed length control field 00720nam a22001577a 4500
003 - CONTROL NUMBER IDENTIFIER
control field OSt
005 - DATE AND TIME OF LATEST TRANSACTION
control field 20151209160921.0
008 - FIXED-LENGTH DATA ELEMENTS--GENERAL INFORMATION
fixed length control field 151209b xxu||||| |||| 00| 0 eng d
040 ## - CATALOGING SOURCE
Transcribing agency RUA
082 ## - DEWEY DECIMAL CLASSIFICATION NUMBER
Classification number ATM LY 2004 B200 Or.1
100 ## - MAIN ENTRY--PERSONAL NAME
9 (RLIN) 4616
Personal name LY, HONGSRENG.
245 ## - TITLE STATEMENT
Title The situation of catfish (pangasius sp) culture in chhnuk tru and phsachhnang communes kampong chhnang province, ស្ថានភាពនៃការចិញ្ចឹមត្រីប្ករតាមបែនៅឃុំឆ្នុកទ្រូ និងឃុំផ្សារឆ្នាំង ខេត្តកំពង់ឆ្នាំង
260 ## - PUBLICATION, DISTRIBUTION, ETC. (IMPRINT)
Place of publication, distribution, etc. Phnom Penh
Name of publisher, distributor, etc. RUA
Date of publication, distribution, etc. 29cm.
300 ## - PHYSICAL DESCRIPTION
Extent ix; 54p.
Other physical details ill.
Dimensions 29cm.
942 ## - ADDED ENTRY ELEMENTS (KOHA)
Source of classification or shelving scheme
Koha item type ATM

No items available.

មជ្ឈមណ្ឌលឯការនៃសាកលវិទ្យាល័យភូមិន្ទកសិកម្មចំការដូង

Powered by Koha